00438nam a2200169Ia 4500003000400000008004100004040001600045082001600061100002200077245005500099700001800154260003200172300000900204650001500213650002200228650001800250GCL140319s9999 xx 000 0 eng d aGCL / cGCL04a892.76bH D1 aBULAND AL HAIDARI10aDIALOGUE IN THREE DIMENSIONS / cBULAND AL HAIDARI1 aHUSAIN HADAWY a[S.N] : bPAMEGAP ، c1982 a62 P04aLITERATURE04aARABIC LITERATURE04aARABIC POETRY